The Grove dictionary of art. (Record no. 18458)

000 -LEADER
fixed length control field 01273cam a22002774a 4500
001 - CONTROL NUMBER
control field 11864742
005 - DATE AND TIME OF LATEST TRANSACTION
control field 20161220142016.0
008 - FIXED-LENGTH DATA ELEMENTS--GENERAL INFORMATION
fixed length control field 991209s2000 nyua be 000 0 eng
010 ## - LIBRARY OF CONGRESS CONTROL NUMBER
LC control number 99089533
020 ## - INTERNATIONAL STANDARD BOOK NUMBER
International Standard Book Number 0312229755 (cloth)
040 ## - CATALOGING SOURCE
Original cataloging agency DLC
Transcribing agency DLC
Modifying agency DLC
042 ## - AUTHENTICATION CODE
Authentication code pcc
050 00 - LIBRARY OF CONGRESS CALL NUMBER
Classification number N6350
Item number .G76 2000
245 04 - TITLE STATEMENT
Title The Grove dictionary of art.
Name of part/section of a work From Renaissance to Impressionism :
Remainder of title styles and movements in western art, 1400-1900 /
Statement of responsibility, etc. edited by Jane Turner.
246 30 - VARYING FORM OF TITLE
Title proper/short title From Renaissance to Impressionism
260 ## - PUBLICATION, DISTRIBUTION, ETC. (IMPRINT)
Place of publication, distribution, etc. New York, NY :
Name of publisher, distributor, etc. St. Martin's Press,
Date of publication, distribution, etc. 2000.
300 ## - PHYSICAL DESCRIPTION
Extent xii, 377 p. :
Other physical details ill. (some col.) ;
Dimensions 24 cm.
440 #0 - SERIES STATEMENT/ADDED ENTRY--TITLE
Title Grove Art
504 ## - BIBLIOGRAPHY, ETC. NOTE
Bibliography, etc Includes bibliographical references.
650 #0 - SUBJECT ADDED ENTRY--TOPICAL TERM
Topical term or geographic name as entry element Art, Modern
Form subdivision Encyclopedias.
700 1# - ADDED ENTRY--PERSONAL NAME
Personal name Turner, Jane,
Dates associated with a name 1956-
942 ## - ADDED ENTRY ELEMENTS (KOHA)
Source of classification or shelving scheme
Koha item type Hard Covered Materials
Classification part N6350 .G76 2000
Holdings
Withdrawn status Lost status Source of classification or shelving scheme Damaged status Not for loan Home library Current library Shelving location Date acquired Source of acquisition Total Checkouts Full call number Barcode Date last seen Price effective from Koha item type
          MACHAKOS UNIVERSITY LIBRARY MACHAKOS UNIVERSITY LIBRARY Technical section 20/12/2016 Donation(B.F.A)   N6350 .G76 2000 28671 07/08/2018 20/12/2016 Hard Covered Materials
© Machakos University Library, Along The Highway, Machakos Wote Rd, Machakos, Kenya P.O. Box 136 - 90100 Machakos - Kenya

Tel: ( +254 ) 723 805829 OR Fax : 044-20353 OR Email: library@mksu.ac.ke